LIBRARY ONLINE CATALOGUE

Crime, war, and global trafficking : (Record no. 4160)

MARC details
000 -LEADER
fixed length control field 00704nam a22002292 4500
001 - CONTROL NUMBER
control field 0000020657
005 - DATE AND TIME OF LATEST TRANSACTION
control field 20151217145926.0
008 - FIXED-LENGTH DATA ELEMENTS--GENERAL INFORMATION
fixed length control field 110930s xx 000 0 eng d
020 ## - INTERNATIONAL STANDARD BOOK NUMBER
International Standard Book Number 0521886116 :
040 ## - CATALOGING SOURCE
Original cataloging agency KABU
Transcribing agency KABU
100 1# - MAIN ENTRY--PERSONAL NAME
Personal name Jojarth, Christine.
-- 0000181141
245 10 - TITLE STATEMENT
Title Crime, war, and global trafficking :
Remainder of title designing international cooperation /
Statement of responsibility, etc. Christine Jojarth.
250 ## - EDITION STATEMENT
Edition statement 1st ed.
260 ## - PUBLICATION, DISTRIBUTION, ETC. (IMPRINT)
Place of publication, distribution, etc. Cambridge :
Name of publisher, distributor, etc. C. U. P.,
Date of publication, distribution, etc. 2009.
300 ## - PHYSICAL DESCRIPTION
Extent xv, 325 p.
650 #0 - SUBJECT ADDED ENTRY--TOPICAL TERM
Topical term or geographic name as entry element Crime.
-- 0000153131
650 #0 - SUBJECT ADDED ENTRY--TOPICAL TERM
Topical term or geographic name as entry element Globalizaion.
-- 0000158256
650 #0 - SUBJECT ADDED ENTRY--TOPICAL TERM
Topical term or geographic name as entry element Drug traffic.
-- 0000104746
852 1# - LOCATION
-- p3410 KES
908 ## - PUT COMMAND PARAMETER (RLIN)
Put command parameter 110930
950 ## - LOCAL HOLDINGS (RLIN)
-- 1
Holdings
Withdrawn status Lost status Source of classification or shelving scheme Not for loan Home library Current library Date acquired Total Checkouts Full call number Barcode Date last seen Price effective from Koha item type
    Library of Congress Classification   Kabarak, Main Campus Kabarak, Main Campus 17/12/2015   HV6001 .J65 2009 c. 1 19208 17/12/2015 17/12/2015 General Collection